Exponential estimates of solutions of difference equations with continous time

Elmentve itt :
Bibliográfiai részletek
Szerző: Péics Hajnalka
Testületi szerző: Colloquium on the qualitative theory of differential equations (7.) (2003) (Szeged)
Dokumentumtípus: Folyóirat
Megjelent: 2004
Sorozat:Electronic journal of qualitative theory of differential equations : proceedings of the colloquium on the qualitative theory of differential equations 7 No. 17
Kulcsszavak:Exponenciális becslés, differenciálegyenlet
Online Access:http://acta.bibl.u-szeged.hu/42735
LEADER 00905nas a2200193 i 4500
001 acta42735
005 20260224081030.0
008 170517s2004 hu o 000 hun d
022 |a 1417-3875 
040 |a SZTE Egyetemi Kiadványok Repozitórium  |b hun 
041 |a hun 
100 1 |a Péics Hajnalka 
245 1 0 |a Exponential estimates of solutions of difference equations with continous time  |h [elektronikus dokumentum] /  |c  Péics Hajnalka 
260 |c 2004 
300 |a 1-12 
490 0 |a Electronic journal of qualitative theory of differential equations : proceedings of the colloquium on the qualitative theory of differential equations  |v 7 No. 17 
695 |a Exponenciális becslés, differenciálegyenlet 
710 |a Colloquium on the qualitative theory of differential equations (7.) (2003) (Szeged) 
856 4 0 |u http://acta.bibl.u-szeged.hu/42735/1/ejqtde_007_qtde_2004_017_001-012.pdf  |z Dokumentum-elérés